Every country with three or more of the same letter - Statistics

General Stats
  • This quiz has been taken 58 times
  • The average score is 33 of 45
Answer Stats
Repeated Letter(#) Country % Correct
A (3) Canada
91%
A, D (3) Trinidad and Tobago
91%
C, O (4); E (3) Democratic Republic of the Congo
89%
A (3) Australia
87%
A (3) Guatemala
85%
I (3) Kiribati
85%
A, I, T (3); E (4); N (6) Saint Vincent and the Grenadines
85%
A (3) Afghanistan
83%
A (3) Bahamas
83%
A, S, T (3); E (5) Federated States of Micronesia
83%
A, L, S (3) Marshall Islands
83%
A (3) Nicaragua
83%
I, N, S, T (3) Saint Kitts and Nevis
83%
O, S (3) Solomon Islands
83%
U (3) Uruguay
83%
A (3) Papua New Guinea
80%
I, P (3) Philippines
80%
E (3) Venezuela
80%
A (5) Antigua and Barbuda
78%
A (3) Kazakhstan
78%
A (3) Paraguay
78%
O (3) Republic of the Congo
78%
A (4) Saudi Arabia
78%
A, E (3) United Arab Emirates
78%
A, C (3) Central African Republic
76%
C (3) Czech Republic
76%
I (3) Dominican Republic
76%
A (3) Panama
76%
A (3) Albania
74%
O (3) Kosovo
74%
O (3) Morocco
74%
A (3) Bosnia and Herzegovina
72%
A (3) Jamaica
72%
A (4) Madagascar
67%
E (3) Greece
65%
A (3) Malaysia
63%
A (3) Azerbaijan
59%
O (3) Comoros
59%
A (3) Mauritania
57%
A (3) Tanzania
57%
A (3) Equatorial Guinea
54%
E (3) Liechtenstein
50%
E (3) Seychelles
50%
E (3) Sierra Leone
46%
E (3) Cape Verde
28%
No matching quizzes found
Score Distribution
Percent of People with Each Score
Percentile by Number Answered
Your Score History
You have not taken this quiz